Statystyki dla Oceny piłkarzy FIFA 23

Kliknij tutaj aby rozwiązać quiz!

Ogólne statystyki

  • Ten quiz został rozwiązany 969 razy
  • Średni wynik to 8 z 15

Statystyki odpowiedzi

ZagadnienieOdpowiedź% Poprawnych
Aymeric Laporte86
67%
Youri Tielemans84
65%
Zlatan Ibrahimović82
63%
Alphonso Davies84
63%
Lisandro Martinez81
60%
Achraf Hakimi84
60%
Milan Skriniar86
60%
Harry Maguire81
57%
Arkadiusz Milik79
55%
Serge Gnabry85
51%
Nabil Fekir85
49%
Dominik Szoboszlai79
40%
Ross Barkley76
37%
Alexander Isak80
31%
Kamil Glik71
24%

Rozkład punktacji

Percentyl według liczby udzielonych odpowiedzi

Procent ludzi z każdym wynikiem

Twoja historia wyników

Nie rozwiązałeś tego quizu